FLUID MECHANICS (Record no. 14368)
[ view plain ]
| 000 -LEADER | |
|---|---|
| fixed length control field | 00308nam a22001457a 4500 |
| 003 - CONTROL NUMBER IDENTIFIER | |
| control field | SGT |
| 020 ## - INTERNATIONAL STANDARD BOOK NUMBER | |
| International Standard Book Number | 978-81-265-5856-8 |
| 082 ## - DEWEY DECIMAL CLASSIFICATION NUMBER | |
| Classification number | 532 |
| Item number | FOX |
| 100 ## - MAIN ENTRY--PERSONAL NAME | |
| Personal name | FOX,ROBERT.W |
| 245 ## - TITLE STATEMENT | |
| Title | FLUID MECHANICS |
| 260 ## - PUBLICATION, DISTRIBUTION, ETC. (IMPRINT) | |
| Place of publication, distribution, etc | NEW DELHI |
| Name of publisher, distributor, etc | WILEY |
| Year of Publication | 2016 |
| 300 ## - PAGE DESCRIPTION | |
| No. of Pages | 662 |
| 650 ## - SUBJECT ADDED ENTRY--TOPICAL TERM | |
| Topical term or geographic name as entry element | CIVIL ENGINEERING |
| 942 ## - ADDED ENTRY ELEMENTS (KOHA) | |
| Source of classification or shelving scheme | Dewey Decimal Classification |
| Koha item type | Books |
| Withdrawn status | Lost status | Source of classification or shelving scheme | Damaged status | Not for loan | Collection code | Home library | Current library | Shelving location | Date acquired | Vendor Name | Cost, normal purchase price | SGTU | Bill Number | Total Checkouts | Full call number | Accession No. (Barcode) | Date last seen | Bill Date | Koha item type | Date last borrowed |
|---|---|---|---|---|---|---|---|---|---|---|---|---|---|---|---|---|---|---|---|---|
| Dewey Decimal Classification | ENGINEERING | SGT Engineering Library | SGT Engineering Library | Text Book | 04/01/2018 | KIRTI PRAKASHAN (NEW DELHI ) | 825.00 | SGTU | 1N1297 | 532 FOX | FE6931 | 04/01/2018 | Books | |||||||
| Dewey Decimal Classification | ENGINEERING | SGT Engineering Library | SGT Engineering Library | Text Book | 04/01/2018 | KIRTI PRAKASHAN (NEW DELHI ) | 825.00 | SGTU | 1N1297 | 4 | 532 FOX | FE6932 | 13/02/2026 | Books | 13/02/2026 | |||||
| Dewey Decimal Classification | ENGINEERING | SGT Engineering Library | SGT Engineering Library | Text Book | 04/01/2018 | KIRTI PRAKASHAN (NEW DELHI ) | 825.00 | SGTU | 1N1297 | 1 | 532 FOX | FE6933 | 22/10/2018 | Books | 08/10/2018 | |||||
| Dewey Decimal Classification | ENGINEERING | SGT Engineering Library | SGT Engineering Library | Text Book | 04/01/2018 | KIRTI PRAKASHAN (NEW DELHI ) | 825.00 | SGTU | 1N1297 | 532 FOX | FE6934 | 04/01/2018 | Books | |||||||
| Dewey Decimal Classification | ENGINEERING | SGT Engineering Library | SGT Engineering Library | Text Book | 04/01/2018 | KIRTI PRAKASHAN (NEW DELHI ) | 825.00 | SGTU | IN1297 | 3 | 532 FOX | FE6935 | 05/12/2018 | 04/01/2018 | Books | 12/11/2018 |